ბათუმის შოთა რუსთაველის სახელმწიფო უნივერსიტეტის ბიბლიოთეკა

ABC of Clinical Genetics / (ბიბ.ჩანაწერი № 62322)

000 -LEADER
fixed length control field 00568nam a22001937a 4500
005 - DATE AND TIME OF LATEST TRANSACTION
control field 20240926101348.0
008 - FIXED-LENGTH DATA ELEMENTS--GENERAL INFORMATION
fixed length control field 240926s2005 enk||||| |||| 00| 0 eng d
020 ## - INTERNATIONAL STANDARD BOOK NUMBER
International Standard Book Number 9780727916273x
041 ## - LANGUAGE CODE
Language code of text/sound track or separate title eng
080 ## - UNIVERSAL DECIMAL CLASSIFICATION NUMBER
Universal Decimal Classification number 575:61 61 K-61
100 ## - MAIN ENTRY--PERSONAL NAME
Personal name Kingston, Helen M.
9 (RLIN) 23289
245 ## - TITLE STATEMENT
Title ABC of Clinical Genetics /
Statement of responsibility, etc. Helen M. Kingston.
250 ## - EDITION STATEMENT
Edition statement 3rd Edition
264 ## - PRODUCTION, PUBLICATION, DISTRIBUTION, MANUFACTURE, AND COPYRIGHT NOTICE
Place of production, publication, distribution, manufacture London :
Name of producer, publisher, distributor, manufacturer BMJ Books,
Date of production, publication, distribution, manufacture, or copyright notice 2005
300 ## - PHYSICAL DESCRIPTION
Extent 120 p.:
Other physical details ill.;
Dimensions 27 cm.
653 ## - INDEX TERM--UNCONTROLLED
keyword კლინიკური გენეტიკა
653 ## - INDEX TERM--UNCONTROLLED
keyword მედიცინა
942 ## - ADDED ENTRY ELEMENTS (KOHA)
Source of classification or shelving scheme
Koha item type წიგნი
ეგზემპლარები
Withdrawn status Lost status Source of classification or shelving scheme Damaged status Not for loan Permanent Location Current Location Shelving location Date acquired Cost, normal purchase price Full call number Barcode Date last seen Copy number Price effective from Koha item type Public note
          ბათუმის შოთა რუსთაველის სახელმწიფო უნივერსიტეტის მთავარი ბიბლიოთეკა ბათუმის შოთა რუსთაველის სახელმწიფო უნივერსიტეტის მთავარი ბიბლიოთეკა წიგნსაცავი 2024-09-26 77.00 575:61 61 K-61 68907 2024-09-26 68907 2024-09-26 წიგნი 77 ლ.
          ბათუმის შოთა რუსთაველის სახელმწიფო უნივერსიტეტის მთავარი ბიბლიოთეკა ბათუმის შოთა რუსთაველის სახელმწიფო უნივერსიტეტის მთავარი ბიბლიოთეკა წიგნსაცავი 2024-09-26 77.00 575:61 61 K-61 68909 2024-09-26 68909 2024-09-26 წიგნი 77 ლ.
          ბათუმის შოთა რუსთაველის სახელმწიფო უნივერსიტეტის მთავარი ბიბლიოთეკა ბათუმის შოთა რუსთაველის სახელმწიფო უნივერსიტეტის მთავარი ბიბლიოთეკა წიგნსაცავი 2024-09-26 77.00 575:61 61 K-61 68908 2024-09-26 68908 2024-09-26 წიგნი 77 ლ.